Name one city that... (Eurovision Host Cities Edition) - Statistics

General Stats
  • This quiz has been taken 431 times
  • The average score is 10 of 15
Answer Stats
Name one city that... Answer % Correct
Has hosted Eurovision 3 times or more Copenhagen | Dublin | London | Luxembourg City | Malmö | Stockholm
99%
Has hosted Eurovision in the last 5 years (including 2025) Basel | Liverpool | Malmö | Rotterdam | Turin
95%
Hosted without its country having won the year before (Usually, the contest has the tradition of being hosted in the country that won the previous year) Brighton | Edinburgh | Frankfurt | London | Liverpool | The Hague
91%
Has hosted Eurovision and was formerly a part of the Soviet Union Baku | Kyiv | Moscow | Riga | Tallinn
87%
Has hosted Eurovision and is fully or partially outside of the European continent (using Jetpunk's definition) Baku | Istanbul | Jerusalem | Tel Aviv
80%
Has hosted Eurovision at least once, while the country's capital has never hosted it Basel | Düsseldorf | Frankfurt | Istanbul | Lausanne | Lugano | Munich
70%
Hosted Eurovision in a year that ends with 6 (excluding the first edition in 1956) Athens | Bergen | Luxembourg City | Oslo | Stockholm | The Hague
65%
Hosted Eurovision while being part of a country that no longer exists (West Germany counts as the same country as modern Germany) Zagreb
64%
Hosted Eurovision in a venue that had previously been used for an Olympic sporting event Athens | Munich
60%
Is one of the only 5 cities / towns to have hosted Eurovision and that has less than 100 000 inhabitants today Cannes | Harrogate | Hilversum | Lugano | Millstreet
58%
Hosted the contest in one of the editions on its first decade (1956, 1957, 1958 or 1959) Cannes | Frankfurt | Hilversum | Lugano
56%
Hosted an edition won by someone who was barefoot on stage Baku | Belgrade | Liverpool | Malmö | Riga | Vienna
52%
Hosted an edition won by someone who had won previously (this has been accomplished by two different singers) Brussels | Liverpool
52%
Hosted an edition where there was a tie for first place (in terms of points). One of those ties was resolved, while the other one was not, thus giving us 4 winners of the same edition Madrid | Rome
43%
Hosted one of the 3 editions that is currently tied for most participating countries (43) Belgrade | Düsseldorf | Lisbon
42%
No matching quizzes found
Score Distribution
Percent of People with Each Score
Percentile by Number Answered
Your Score History
You have not taken this quiz